000 00720nam a22002657a 4500
001 083
003 DO-SdBNP
005 20180131153901.0
007 083
008 151005b198u sp 00| 0 spa d
020 _a8421700766
040 _aBPMSU
_bspa
_cBPMSU
092 _aXXXX
_bXXXX
100 1 _aSimenon, Georges
245 1 3 _aEl noviazgo de Monsieur Hire /
_cGeorges Simenon ; traducción Inmaculada Mendizábal
260 _aBarcelona :
_bLitografía Rosés,
_c[198u].
300 _a188 p. :
_c18 cm.
490 1 _aEl observador
_v37
700 1 _aMendizábal, Inmaculada
_etrad.
830 0 _aEl observador
_n37
910 _a202
942 _2ddc
_cBK
945 _aInventariado, 2018 / BT
956 _aYngrid Lockward
999 _c8513
_d8513